Nota Kursus Kemajuan Diri Untuk Juruteknik Penilaian 19 - 24 Mac 1990

Bibliographic Details
Format: Book
Subjects:
Online Access:http://app.inspen.gov.my:7779/pls/portal/docs/PAGE/CORPORATEPAGES/PORTAL_INSPEN/NOTA_KURSUS/JJ/JW.PDF

MARC

LEADER 00000cam a2200000 7i4500
001 0000005423
005 20071210.0
040 |a INS 
090 0 0 |a J10 
245 0 0 |a Nota Kursus Kemajuan Diri Untuk Juruteknik Penilaian 19 - 24 Mac 1990 
500 |a Digital document is available on-line; Please click the URL below 
650 0 0 |a Juruteknik 
856 |u http://app.inspen.gov.my:7779/pls/portal/docs/PAGE/CORPORATEPAGES/PORTAL_INSPEN/NOTA_KURSUS/JJ/JW.PDF 
999 |a J000000023   |b BOOK   |c Course Notes   |e Default branch 
999 |a J000000406   |b BOOK   |c Course Notes   |e Default branch